Flags of Polish Voivodeships - Statistics

General Stats
  • This quiz has been taken 45 times
  • The average score is 7 of 16
Answer Stats
Picture Answer % Correct
Greater Poland
69%
Pomerania
58%
Masovia
54%
Lesser Poland
50%
Lublin
50%
Holy Cross
46%
Lower Silesia
46%
Opole
46%
Silesia
46%
West Pomerania
46%
Lubusz
42%
Łódź
31%
Kuyavia-Pomerania
27%
Subcarpathian
27%
Warmia-Masuria
27%
Podlachia
12%
No matching quizzes found
Score Distribution
Percent of People with Each Score
Percentile by Number Answered
Your Score History
You have not taken this quiz